|
|
|
|
| LEADER |
00000cam a2200000 i 4500 |
| 001 |
1/46568 |
| 008 |
040112s2003 gr | ||| |||| ||gre|| |
| 020 |
|
|
|a 9607778693
|
| 035 |
|
|
|l 10071923
|
| 040 |
|
|
|a GR-MyUA
|b gre
|e AACR2
|
| 041 |
1 |
|
|a gre
|h eng
|
| 082 |
7 |
|
|a 793.74
|2 (22)
|
| 100 |
1 |
|
|a Smullyan, Raymond M.
|
| 245 |
1 |
2 |
|a Ο Σατανάς, ο Cantor και το άπειρο :
|b και άλλοι γρίφοι μαθηματικής λογικής /
|c Raymond Smullyan ; μετάφραση Στάμος Τσιτσώνης πρόλογος στην ελληνική έκδοση Raymond Smullyan.
|
| 260 |
|
|
|a Αθήνα :
|b Κάτοπτρο,
|c 2003.
|
| 300 |
|
|
|a 312 σ. ;
|c 21 εκ.
|
| 650 |
|
0 |
|a Mathematical recreations.
|
| 700 |
1 |
|
|a Τσιτσώνης, Στάμος,
|e trl
|
| 765 |
0 |
8 |
|i Μετάφραση του:
|t Satan, Cantor, and Infinity :
|
| 852 |
|
|
|a INST
|b RHODES
|e 20040112
|h 793.74 SMU
|p 005400019900
|q 005400019900
|t BK
|y 0
|
| 852 |
|
|
|a INST
|b SAMOS
|e 20141203
|h 793.74 SMU
|p 005300037238
|q 005300037238
|t BK
|y 0
|
| 901 |
|
|
|a BIBL3-2014-3
|
| 901 |
|
|
|a BIBL4-2004-1
|
| 922 |
|
|
|a 3ΕΛΗ
|b 201405
|c ΤΜΗΜΑ ΜΑΘΗΜΑΤΙΚΩΝ
|d BEST BOOK HUNTERS
|
| 922 |
|
|
|a 4ΕΛΗ
|b 200310
|c ΕΠΕΑΕΚ2/ΤΕΠΑΕΣ
|d ΜΙΧΑΛΟΠΟΥΛΟΣ
|
| 950 |
|
|
|a 096-2003-10-08
|
| 970 |
|
|
|a ΚΟΥΛΑΚΙΟΤΗ
|b ΛΙΤΣΑ
|z 2004/01/19
|